LEADER 00995nam 2200277z- 450 001 9910694325803321 005 20090114092050.0 035 $a(CKB)5860000000020191 035 $a(EXLCZ)995860000000020191 100 $a20220406c2007uuuu -u- - 101 0 $aeng 200 10$aCredit reports $econsumers' ability to dispute and change inaccurate information : hearing before the Committee on Financial Services, U.S. House of Representatives, One Hundred Tenth Congress, first session, June 19, 2007 311 $a0-16-079715-2 517 $aCredit Reports 606 $aCredit ratings$zUnited States 606 $aConsumer credit$zUnited States 606 $aConsumer protection$zUnited States 606 $aDisclosure of information$zUnited States 615 0$aCredit ratings 615 0$aConsumer credit 615 0$aConsumer protection 615 0$aDisclosure of information 906 $aBOOK 912 $a9910694325803321 996 $aCredit reports$93146283 997 $aUNINA